000 00709nam a22002537a 4500
001 37019
003 UA-OsUOA
005 20210813102901.0
007 ta
008 20060222b un ||||| |||| 00| 0 ukr d
040 _aUA-OsUOA
_bukr
_cUA-OsUOA
_dUA-OsUOA
041 _aukr
080 _a82.09(477)
090 _a82.09(477)
_bН73
100 _aНовиченко Л. М.
245 _aВибрані праці в двох томах
260 _aК.
_bДніпро
_c1984
300 _a437 с.
505 _gТ.1
650 7 _a82 Література. Літературознавство
_2UDC
942 _cBK
_2udc
955 _a3
999 _c323243
_d323243